000 00412nam a2200157Ia 4500
008 230917s9999||||xx |||||||||||||| ||und||
020 _cRS190
040 _e3655
_aMAIN
041 _aEnglish
082 _a821.8 E46P:T
100 _aPrasad, V R N, ed.
245 0 _aT S Eliot and Eugene O'Neill: The dream and the nightmare
260 _aDelhi
_bAjanta Publications
_c1991
300 _a180 p.
942 _cOB
999 _c232655
_d232655